[Event "23rd Hoogeveen Open 2019"]
[Site "Hoogeveen"]
[Date "2019.10.25"]
[Round "8.10"]
[White "Kaasen, Tor Fredrik"]
[Black "Sparenberg, Erik"]
[Result "1-0"]
[WhiteElo "2415"]
[BlackElo "2142"]
[Annotator "NA"]
[PlyCount "88"]
[EventDate "2019.10.19"]
[EventType "swiss"]
[EventCountry "NED"]
[SourceTitle "playchess.com"]
[Source "ChessBase"]
[SourceQuality "1"]
[TimeControl "40/5400+30:1800+30"]

1. e4 {[%emt 0:00:00]} e5 {[%emt 0:02:05]} 2. Nf3 {[%emt 0:00:05]} Nc6 {[%emt 0:00:02]} 3. Bb5 {[%emt 0:00:20]} a6 {[%emt 0:00:01]} 4. Ba4 {[%emt 0:00:24]} Nf6 {[%emt 0:00:03]} 5. O-O {[%emt 0:00:21]} Be7 {[%emt 0:00:05]} 6. Re1 {[%emt 0:00:51]} b5 {[%emt 0:00:06]} 7. Bb3 {[%emt 0:00:13]} O-O {[%emt 0:00:08]} 8. a4 {[%emt 0:00:27]} b4 {[%emt 0:00:13]} 9. d4 {[%emt 0:00:20]} d6 {[%emt 0:04:30]} 10. dxe5 {[%emt 0:00:22]} dxe5 {[%emt 0:00:18]} 11. Nbd2 {[%emt 0:00:38]} Bg4 {[%emt 0:06:52]} 12. h3 {[%emt 0:00:49]} Bh5 {[%emt 0:02:44]} 13. g4 {[%emt 0:02:13]} Bg6 {[%emt 0:01:54]} 14. Nh4 {[%emt 0:00:59]} Bc5 {[%emt 0:09:48]} 15. Nxg6 {[%emt 0:04:51]} hxg6 {[%emt 0:03:53]} 16. Bc4 {[%emt 0:02:24]} Na5 {[%emt 0:14:28]} 17. Bd3 {[%emt 0:03:34]} Nd7 {[%emt 0:05:53]} 18. Qe2 {[%emt 0:06:15]} Nc6 {[%emt 0:01:00]} 19. Nf3 {[%emt 0:01:33]} a5 {[%emt 0:02:11]} 20. c3 {[%emt 0:02:11]} Bd6 {[%emt 0:07:31]} 21. Bg5 {[%emt 0:01:41]} f6 {[%emt 0:03:39]} 22. Be3 {[%emt 0:01:03]} Qe7 {[%emt 0:05:07]} 23. Bc4+ {[%emt 0:01:14]} Kh7 {[%emt 0:00:07]} 24. Bd5 {[%emt 0:00:28]} Ndb8 {[%emt 0:00:30]} 25. cxb4 {[%emt 0:03:05]} Bxb4 {[%emt 0:01:09]} 26. Rec1 {[%emt 0:00:56]} Ra6 {[%emt 0:00:43]} 27. Qb5 {[%emt 0:04:08]} Qd6 {[%emt 0:03:26]} 28. Qb7 {[%emt 0:05:02]} Rd8 {[%emt 0:06:36]} 29. Bc4 {[%emt 0:02:22]} Nd4 {[%emt 0:00:39]} 30. Bxd4 {[%emt 0:00:21]} exd4 {[%emt 0:00:24]} 31. Bxa6 {[%emt 0:00:38]} Nxa6 {[%emt 0:01:10]} 32. e5 {[%emt 0:02:03]} fxe5 {[%emt 0:07:30]} 33. Rc6 {[%emt 0:01:47]} Nc5 {[%emt 0:00:39]} 34. Rxd6 {[%emt 0:00:38]} Nxb7 {[%emt 0:00:08]} 35. Rxd8 {[%emt 0:00:19]} Nxd8 {[%emt 0:00:01]} 36. Nxe5 {[%emt 0:00:08]} c5 {[%emt 0:00:16]} 37. Rc1 {[%emt 0:00:39]} Ne6 {[%emt 0:00:14]} 38. Nd3 {[%emt 0:01:08]} Kg8 {[%emt 0:07:23]} 39. Nxb4 {[%emt 0:04:03]} cxb4 {[%emt 0:00:56]} 40. h4 {[%emt 0:02:41]} Kf7 {[%emt 0:00:26]} 41. Kg2 {[%emt 0:30:33]} Ke7 {[%emt 0:32:58]} 42. Kf3 {[%emt 0:01:51]} Kd6 {[%emt 0:00:02]} 43. Ke4 {[%emt 0:00:22]} Nc5+ {[%emt 0:00:04]} 44. Rxc5 {[%emt 0:00:08]} Kxc5 {[%emt 0:00:01]} 1-0

[Event "23rd Hoogeveen Open 2019"]
[Site "Hoogeveen"]
[Date "2019.10.25"]
[Round "8.11"]
[White "Vestby-Ellingsen, Mads"]
[Black "Emans, Job"]
[Result "1/2-1/2"]
[WhiteElo "2363"]
[BlackElo "2028"]
[Annotator "NA"]
[PlyCount "88"]
[EventDate "2019.10.19"]
[EventType "swiss"]
[EventCountry "NED"]
[SourceTitle "playchess.com"]
[Source "ChessBase"]
[SourceQuality "1"]
[TimeControl "40/5400+30:1800+30"]

1. d4 {[%emt 0:00:00]} Nf6 {[%emt 0:00:00]} 2. c4 {[%emt 0:00:00]} e6 {[%emt 0:00:00]} 3. Nf3 {[%emt 0:00:02]} b6 {[%emt 0:00:00]} 4. g3 {[%emt 0:00:13]} Ba6 {[%emt 0:00:12]} 5. Qc2 {[%emt 0:00:17]} Bb4+ {[%emt 0:00:37]} 6. Bd2 {[%emt 0:00:29]} Be7 {[%emt 0:00:19]} 7. Bg2 {[%emt 0:04:05]} c6 {[%emt 0:04:17]} 8. O-O {[%emt 0:03:04]} O-O {[%emt 0:00:35]} 9. Re1 {[%emt 0:09:42]} d5 {[%emt 0:02:09]} 10. cxd5 {[%emt 0:02:36]} cxd5 {[%emt 0:01:39]} 11. Ne5 {[%emt 0:00:59]} Qc8 {[%emt 0:06:07]} 12. Qa4 {[%emt 0:03:56]} Nfd7 {[%emt 0:11:34]} 13. e4 {[%emt 0:11:10]} Nxe5 {[%emt 0:01:58]} 14. dxe5 {[%emt 0:01:05]} Qc4 {[%emt 0:00:58]} 15. Nc3 {[%emt 0:11:42]} Qxa4 {[%emt 0:09:57]} 16. Nxa4 {[%emt 0:00:10]} d4 {[%emt 0:00:23]} 17. b3 {[%emt 0:12:52]} Nc6 {[%emt 0:01:12]} 18. Bf1 {[%emt 0:09:35]} Bxf1 {[%emt 0:01:07]} 19. Rxf1 {[%emt 0:00:13]} Nxe5 {[%emt 0:00:23]} 20. f4 {[%emt 0:00:48]} Ng4 {[%emt 0:04:30]} 21. Nb2 {[%emt 0:05:46]} Rac8 {[%emt 0:03:33]} 22. Nd3 {[%emt 0:01:23]} Rc2 {[%emt 0:02:13]} 23. Rfd1 {[%emt 0:00:31]} Nf6 {[%emt 0:09:36]} 24. Bb4 {[%emt 0:00:52]} Bc5 {[%emt 0:04:30]} 25. Re1 {[%emt 0:10:59]} Rd8 {[%emt 0:08:31]} 26. e5 {[%emt 0:04:32]} Ng4 {[%emt 0:01:03]} 27. Bxc5 {[%emt 0:02:12]} bxc5 {[%emt 0:00:06]} 28. Rec1 {[%emt 0:00:45]} Rxh2 {[%emt 0:00:55]} 29. Nxc5 {[%emt 0:00:31]} h6 {[%emt 0:03:09]} 30. Rd1 {[%emt 0:02:39]} Rc2 {[%emt 0:00:57]} 31. Rdc1 {[%emt 0:01:26]} Rxc1+ {[%emt 0:07:59]} 32. Rxc1 {[%emt 0:00:05]} d3 {[%emt 0:01:11]} 33. Rd1 {[%emt 0:00:06]} d2 {[%emt 0:00:43]} 34. Ne4 {[%emt 0:00:08]} Rd4 {[%emt 0:00:05]} 35. Nxd2 {[%emt 0:00:13]} Ne3 {[%emt 0:00:07]} 36. Re1 {[%emt 0:00:09]} Rxd2 {[%emt 0:00:17]} 37. Rxe3 {[%emt 0:00:08]} Rxa2 {[%emt 0:00:04]} 38. Rc3 {[%emt 0:00:22]} Rb2 {[%emt 0:02:58]} 39. Rc8+ {[%emt 0:01:04]} Kh7 {[%emt 0:01:28]} 40. Rc7 {[%emt 0:00:47]} Rxb3 {[%emt 0:09:24]} 41. Kg2 {[%emt 0:03:22]} Kg6 {[%emt 0:06:09]} 42. Rxa7 {[%emt 0:00:12]} h5 {[%emt 0:00:30]} 43. Rc7 {[%emt 0:05:33]} Ra3 {[%emt 0:04:06]} 44. Rb7 {[%emt 0:00:13]} Rd3 {[%emt 0:06:11]} 1/2-1/2

[Event "23rd Hoogeveen Open 2019"]
[Site "Hoogeveen"]
[Date "2019.10.25"]
[Round "8.12"]
[White "Gomes, Mary Ann"]
[Black "Dixit, Nikhil"]
[Result "1/2-1/2"]
[WhiteElo "2268"]
[BlackElo "2358"]
[Annotator "NA"]
[PlyCount "82"]
[EventDate "2019.10.19"]
[EventType "swiss"]
[EventCountry "NED"]
[SourceTitle "playchess.com"]
[Source "ChessBase"]
[SourceQuality "1"]
[TimeControl "40/5400+30:1800+30"]

1. Nf3 {[%emt 0:00:00]} Nf6 {[%emt 0:00:00]} 2. g3 {[%emt 0:00:00]} g6 {[%emt 0:00:00]} 3. Bg2 {[%emt 0:00:00]} Bg7 {[%emt 0:00:00]} 4. O-O {[%emt 0:00:07]} O-O {[%emt 0:00:00]} 5. c4 {[%emt 0:00:04]} d6 {[%emt 0:00:12]} 6. d4 {[%emt 0:00:06]} Nbd7 {[%emt 0:00:07]} 7. Nc3 {[%emt 0:00:06]} e5 {[%emt 0:00:04]} 8. e4 {[%emt 0:00:18]} a6 {[%emt 0:02:48]} 9. h3 {[%emt 0:00:25]} b5 {[%emt 0:00:57]} 10. dxe5 {[%emt 0:00:47]} dxe5 {[%emt 0:00:36]} 11. Qc2 {[%emt 0:00:08]} c6 {[%emt 0:03:00]} 12. Be3 {[%emt 0:00:47]} Qe7 {[%emt 0:03:35]} 13. a3 {[%emt 0:01:02]} Bb7 {[%emt 0:09:08]} 14. Rfd1 {[%emt 0:04:23]} a5 {[%emt 0:06:47]} 15. cxb5 {[%emt 0:11:30]} cxb5 {[%emt 0:00:21]} 16. Nxb5 {[%emt 0:00:30]} Bxe4 {[%emt 0:03:23]} 17. Qe2 {[%emt 0:00:07]} Bb7 {[%emt 0:11:28]} 18. Nd6 {[%emt 0:06:31]} Ba6 {[%emt 0:04:33]} 19. Qe1 {[%emt 0:05:58]} e4 {[%emt 0:10:13]} 20. Ng5 {[%emt 0:03:46]} Ne5 {[%emt 0:03:39]} 21. Ndxe4 {[%emt 0:05:13]} Nd3 {[%emt 0:07:38]} 22. Rxd3 {[%emt 0:04:12]} Bxd3 {[%emt 0:00:58]} 23. Bc5 {[%emt 0:00:12]} Qe5 {[%emt 0:02:46]} 24. Bxf8 {[%emt 0:00:41]} Rxf8 {[%emt 0:00:47]} 25. Rd1 {[%emt 0:04:17]} Nxe4 {[%emt 0:04:03]} 26. Nxe4 {[%emt 0:01:25]} Bc2 {[%emt 0:01:02]} 27. Rd5 {[%emt 0:06:44]} Qxb2 {[%emt 0:04:40]} 28. Rxa5 {[%emt 0:01:11]} Rd8 {[%emt 0:00:50]} 29. Qb4 {[%emt 0:02:40]} Rd1+ {[%emt 0:10:55]} 30. Kh2 {[%emt 0:00:08]} Bxe4 {[%emt 0:02:33]} 31. Qxb2 {[%emt 0:01:38]} Bxb2 {[%emt 0:00:14]} 32. Bxe4 {[%emt 0:00:06]} Rd2 {[%emt 0:00:33]} 33. a4 {[%emt 0:00:52]} Rxf2+ {[%emt 0:00:38]} 34. Bg2 {[%emt 0:00:07]} h5 {[%emt 0:03:32]} 35. Rd5 {[%emt 0:03:15]} Bc3 {[%emt 0:01:03]} 36. Kg1 {[%emt 0:03:54]} Ra2 {[%emt 0:01:00]} 37. Rd7 {[%emt 0:03:37]} Ra1+ {[%emt 0:01:16]} 38. Kf2 {[%emt 0:04:14]} Be1+ {[%emt 0:01:19]} 39. Ke2 {[%emt 0:01:11]} Bxg3 {[%emt 0:01:26]} 40. Bd5 {[%emt 0:00:11]} Rxa4 {[%emt 0:01:08]} 41. Bxf7+ {[%emt 0:30:10]} Kf8 {[%emt 0:30:42]} 1/2-1/2

[Event "23rd Hoogeveen Open 2019"]
[Site "Hoogeveen"]
[Date "2019.10.25"]
[Round "8.13"]
[White "Blagojevic, Tijana"]
[Black "De Jong, Migchiel"]
[Result "1/2-1/2"]
[WhiteElo "2151"]
[BlackElo "2330"]
[Annotator "NA"]
[PlyCount "105"]
[EventDate "2019.10.19"]
[EventType "swiss"]
[EventCountry "NED"]
[SourceTitle "playchess.com"]
[Source "ChessBase"]
[SourceQuality "1"]
[TimeControl "40/5400+30:1800+30"]

1. e4 {[%emt 0:00:00]} e6 {[%emt 0:00:05]} 2. d4 {[%emt 0:00:00]} d5 {[%emt 0:00:29]} 3. Nc3 {[%emt 0:00:00]} Bb4 {[%emt 0:01:07]} 4. exd5 {[%emt 0:00:12]} exd5 {[%emt 0:00:11]} 5. Bd3 {[%emt 0:00:38]} Nc6 {[%emt 0:00:51]} 6. a3 {[%emt 0:00:46]} Ba5 {[%emt 0:04:06]} 7. Be3 {[%emt 0:00:31]} Nge7 {[%emt 0:02:42]} 8. Qf3 {[%emt 0:02:39]} Bxc3+ {[%emt 0:01:01]} 9. bxc3 {[%emt 0:00:04]} Be6 {[%emt 0:03:00]} 10. Ne2 {[%emt 0:01:53]} Qd7 {[%emt 0:00:20]} 11. h3 {[%emt 0:04:34]} Bf5 {[%emt 0:00:46]} 12. Ng3 {[%emt 0:00:45]} Bg6 {[%emt 0:01:29]} 13. h4 {[%emt 0:02:25]} O-O-O {[%emt 0:04:23]} 14. h5 {[%emt 0:01:42]} Bxd3 {[%emt 0:00:08]} 15. cxd3 {[%emt 0:00:03]} h6 {[%emt 0:07:13]} 16. Kf1 {[%emt 0:10:48]} Rdf8 {[%emt 0:01:24]} 17. Kg1 {[%emt 0:00:57]} g5 {[%emt 0:01:05]} 18. Qf6 {[%emt 0:02:27]} Qe6 {[%emt 0:02:05]} 19. Qxe6+ {[%emt 0:05:21]} fxe6 {[%emt 0:01:11]} 20. f3 {[%emt 0:08:33]} Nf5 {[%emt 0:01:40]} 21. Bf2 {[%emt 0:01:31]} Rhg8 {[%emt 0:00:34]} 22. Ne2 {[%emt 0:12:50]} g4 {[%emt 0:00:23]} 23. f4 {[%emt 0:01:08]} g3 {[%emt 0:01:51]} 24. Be1 {[%emt 0:00:04]} Rg4 {[%emt 0:00:09]} 25. Rh3 {[%emt 0:01:59]} Rfg8 {[%emt 0:00:27]} 26. Bd2 {[%emt 0:01:02]} Nce7 {[%emt 0:05:07]} 27. Be1 {[%emt 0:05:51]} R8g7 {[%emt 0:04:33]} 28. a4 {[%emt 0:00:39]} a5 {[%emt 0:02:36]} 29. Rb1 {[%emt 0:00:17]} b6 {[%emt 0:00:28]} 30. Rb5 {[%emt 0:01:02]} Nd6 {[%emt 0:00:28]} 31. Rb1 {[%emt 0:00:36]} Nef5 {[%emt 0:00:16]} 32. Rc1 {[%emt 0:03:13]} Kb7 {[%emt 0:01:57]} 33. Bd2 {[%emt 0:03:46]} c6 {[%emt 0:04:36]} 34. Ra1 {[%emt 0:00:48]} Ka6 {[%emt 0:00:50]} 35. Nc1 {[%emt 0:00:55]} Nb7 {[%emt 0:02:06]} 36. Nb3 {[%emt 0:00:39]} c5 {[%emt 0:05:58]} 37. dxc5 {[%emt 0:01:33]} Nxc5 {[%emt 0:00:10]} 38. Nxc5+ {[%emt 0:02:29]} bxc5 {[%emt 0:00:06]} 39. Re1 {[%emt 0:01:19]} Re7 {[%emt 0:00:10]} 40. Kf1 {[%emt 0:09:07]} Rg8 {[%emt 0:01:14]} 41. Rb1 {[%emt 0:31:38]} Rb7 {[%emt 0:31:57]} 42. Rxb7 {[%emt 0:00:11]} Kxb7 {[%emt 0:00:05]} 43. Ke2 {[%emt 0:00:18]} Kc6 {[%emt 0:00:22]} 44. Kd1 {[%emt 0:06:28]} c4 {[%emt 0:00:17]} 45. dxc4 {[%emt 0:01:47]} dxc4 {[%emt 0:00:09]} 46. Rh1 {[%emt 0:00:28]} Rb8 {[%emt 0:03:31]} 47. Kc2 {[%emt 0:01:07]} Rb3 {[%emt 0:01:47]} 48. Re1 {[%emt 0:00:58]} Kd6 {[%emt 0:00:35]} 49. Re4 {[%emt 0:00:00]} Ra3 {[%emt 0:00:00]} 50. Kb2 {[%emt 0:00:00]} Rb3+ {[%emt 0:00:00]} 51. Kc2 {[%emt 0:00:00]} Ra3 {[%emt 0:00:00]} 52. Kb2 {[%emt 0:00:00]} Rb3+ {[%emt 0:00:00]} 53. Kc2 {[%emt 0:00:00]} 1/2-1/2

[Event "23rd Hoogeveen Open 2019"]
[Site "Hoogeveen"]
[Date "2019.10.25"]
[Round "8.14"]
[White "Giacomini, Hector"]
[Black "Bhambure, Shantanu"]
[Result "0-1"]
[WhiteElo "2145"]
[BlackElo "2291"]
[Annotator "NA"]
[PlyCount "90"]
[EventDate "2019.10.19"]
[EventType "swiss"]
[EventCountry "NED"]
[SourceTitle "playchess.com"]
[Source "ChessBase"]
[SourceQuality "1"]
[TimeControl "40/5400+30:1800+30"]

1. Nf3 {[%emt 0:00:00]} Nf6 {[%emt 0:00:00]} 2. e3 {[%emt 0:00:00]} e6 {[%emt 0:00:13]} 3. d4 {[%emt 0:00:00]} b6 {[%emt 0:00:34]} 4. Bd3 {[%emt 0:00:00]} Bb7 {[%emt 0:00:07]} 5. O-O {[%emt 0:00:10]} d5 {[%emt 0:00:46]} 6. b3 {[%emt 0:00:29]} Bd6 {[%emt 0:00:56]} 7. Bb2 {[%emt 0:00:13]} O-O {[%emt 0:01:19]} 8. c4 {[%emt 0:00:22]} Nbd7 {[%emt 0:00:59]} 9. Nc3 {[%emt 0:00:30]} a6 {[%emt 0:00:27]} 10. Rc1 {[%emt 0:01:07]} Qe7 {[%emt 0:07:15]} 11. Qc2 {[%emt 0:04:24]} dxc4 {[%emt 0:09:18]} 12. Bxc4 {[%emt 0:02:38]} c5 {[%emt 0:04:46]} 13. dxc5 {[%emt 0:09:16]} Nxc5 {[%emt 0:01:31]} 14. Be2 {[%emt 0:10:07]} Rac8 {[%emt 0:03:01]} 15. Qb1 {[%emt 0:07:03]} b5 {[%emt 0:04:57]} 16. b4 {[%emt 0:02:59]} Ncd7 {[%emt 0:01:31]} 17. a3 {[%emt 0:00:59]} Nb6 {[%emt 0:04:02]} 18. Ng5 {[%emt 0:07:23]} h6 {[%emt 0:04:37]} 19. Nge4 {[%emt 0:02:46]} Nxe4 {[%emt 0:02:02]} 20. Nxe4 {[%emt 0:00:06]} Bxh2+ {[%emt 0:00:35]} 21. Kxh2 {[%emt 0:01:00]} Qh4+ {[%emt 0:00:05]} 22. Kg1 {[%emt 0:00:05]} Bxe4 {[%emt 0:07:17]} 23. Bd3 {[%emt 0:01:32]} Bxd3 {[%emt 0:04:24]} 24. Qxd3 {[%emt 0:00:05]} Nc4 {[%emt 0:02:32]} 25. Qe2 {[%emt 0:06:55]} Rfd8 {[%emt 0:06:05]} 26. Rfd1 {[%emt 0:01:36]} e5 {[%emt 0:01:55]} 27. Ba1 {[%emt 0:05:31]} Qe4 {[%emt 0:04:36]} 28. a4 {[%emt 0:11:51]} f6 {[%emt 0:05:46]} 29. axb5 {[%emt 0:00:16]} axb5 {[%emt 0:00:07]} 30. Rxd8+ {[%emt 0:04:09]} Rxd8 {[%emt 0:00:03]} 31. Rd1 {[%emt 0:00:09]} Rxd1+ {[%emt 0:06:02]} 32. Qxd1 {[%emt 0:00:04]} Qc6 {[%emt 0:02:40]} 33. Bc3 {[%emt 0:06:53]} Qd6 {[%emt 0:01:48]} 34. Qh5 {[%emt 0:03:11]} Qd7 {[%emt 0:03:26]} 35. Be1 {[%emt 0:01:06]} Kh7 {[%emt 0:01:07]} 36. Qf3 {[%emt 0:00:56]} Qd3 {[%emt 0:02:17]} 37. Qc6 {[%emt 0:01:36]} Qd1 {[%emt 0:06:42]} 38. Qe4+ {[%emt 0:00:25]} Kg8 {[%emt 0:00:28]} 39. Qa8+ {[%emt 0:00:10]} Kf7 {[%emt 0:00:23]} 40. Qb7+ {[%emt 0:00:23]} Kg6 {[%emt 0:00:44]} 41. Qe4+ {[%emt 0:30:53]} f5 {[%emt 0:30:49]} 42. Qc6+ {[%emt 0:00:52]} Kh7 {[%emt 0:00:17]} 43. Qxb5 {[%emt 0:00:37]} Qxe1+ {[%emt 0:00:10]} 44. Kh2 {[%emt 0:00:04]} Nd2 {[%emt 0:00:58]} 45. Qxe5 {[%emt 0:00:40]} Qxf2 {[%emt 0:00:27]} 0-1

[Event "23rd Hoogeveen Open 2019"]
[Site "Hoogeveen"]
[Date "2019.10.25"]
[Round "8.15"]
[White "Grooten, Herman"]
[Black "Dev, Shah"]
[Result "1/2-1/2"]
[WhiteElo "2274"]
[BlackElo "2025"]
[Annotator "NA"]
[PlyCount "88"]
[EventDate "2019.10.19"]
[EventType "swiss"]
[EventCountry "NED"]
[SourceTitle "playchess.com"]
[Source "ChessBase"]
[SourceQuality "1"]
[TimeControl "40/5400+30:1800+30"]

1. d4 {[%emt 0:00:00]} d5 {[%emt 0:00:19]} 2. c4 {[%emt 0:00:00]} c6 {[%emt 0:00:04]} 3. cxd5 {[%emt 0:00:00]} cxd5 {[%emt 0:00:07]} 4. Nc3 {[%emt 0:00:05]} Nf6 {[%emt 0:00:16]} 5. Bf4 {[%emt 0:00:08]} Nc6 {[%emt 0:00:10]} 6. e3 {[%emt 0:00:11]} a6 {[%emt 0:00:05]} 7. Bd3 {[%emt 0:00:25]} Bg4 {[%emt 0:00:20]} 8. Nge2 {[%emt 0:00:09]} e6 {[%emt 0:00:17]} 9. O-O {[%emt 0:00:36]} Bd6 {[%emt 0:02:11]} 10. f3 {[%emt 0:10:18]} Bh5 {[%emt 0:00:40]} 11. Rc1 {[%emt 0:02:31]} O-O {[%emt 0:09:45]} 12. Bg5 {[%emt 0:14:17]} Be7 {[%emt 0:03:03]} 13. f4 {[%emt 0:04:58]} Nd7 {[%emt 0:07:26]} 14. Bxe7 {[%emt 0:00:58]} Qxe7 {[%emt 0:00:10]} 15. Qb3 {[%emt 0:08:55]} Rab8 {[%emt 0:16:37]} 16. Ng3 {[%emt 0:02:30]} Nf6 {[%emt 0:16:28]} 17. f5 {[%emt 0:08:40]} Bg4 {[%emt 0:03:17]} 18. Rce1 {[%emt 0:01:28]} Rfd8 {[%emt 0:10:40]} 19. fxe6 {[%emt 0:01:20]} fxe6 {[%emt 0:00:42]} 20. Rf4 {[%emt 0:06:11]} g6 {[%emt 0:08:40]} 21. Rff1 {[%emt 0:09:57]} Bf5 {[%emt 0:01:26]} 22. Be2 {[%emt 0:02:12]} b5 {[%emt 0:01:42]} 23. Qd1 {[%emt 0:04:17]} Na5 {[%emt 0:03:09]} 24. b3 {[%emt 0:00:50]} Rbc8 {[%emt 0:00:23]} 25. Nxf5 {[%emt 0:04:35]} exf5 {[%emt 0:00:34]} 26. Qd3 {[%emt 0:00:22]} Rc6 {[%emt 0:07:27]} 27. Bf3 {[%emt 0:00:42]} Ne4 {[%emt 0:02:12]} 28. Bxe4 {[%emt 0:03:15]} dxe4 {[%emt 0:01:02]} 29. Qd2 {[%emt 0:00:25]} Qb4 {[%emt 0:01:47]} 30. Nxe4 {[%emt 0:03:47]} Qxd2 {[%emt 0:00:01]} 31. Nxd2 {[%emt 0:00:05]} Rc2 {[%emt 0:00:08]} 32. Nf3 {[%emt 0:00:52]} Rxa2 {[%emt 0:00:05]} 33. Ra1 {[%emt 0:01:13]} Rxa1 {[%emt 0:00:32]} 34. Rxa1 {[%emt 0:00:05]} Nxb3 {[%emt 0:00:05]} 35. Rxa6 {[%emt 0:00:12]} f4 {[%emt 0:01:13]} 36. Ra3 {[%emt 0:02:33]} Nc1 {[%emt 0:00:13]} 37. Ra1 {[%emt 0:03:27]} Ne2+ {[%emt 0:02:51]} 38. Kf2 {[%emt 0:00:24]} Nc3 {[%emt 0:00:06]} 39. exf4 {[%emt 0:02:08]} b4 {[%emt 0:00:19]} 40. Rc1 {[%emt 0:03:05]} Rc8 {[%emt 0:01:55]} 41. Kf1 {[%emt 0:05:03]} Rc4 {[%emt 0:06:38]} 42. Ke1 {[%emt 0:05:20]} b3 {[%emt 0:02:43]} 43. Nd2 {[%emt 0:01:02]} b2 {[%emt 0:00:42]} 44. Rc2 {[%emt 0:01:21]} Rxd4 {[%emt 0:00:44]} 1/2-1/2

[Event "23rd Hoogeveen Open 2019"]
[Site "Hoogeveen"]
[Date "2019.10.25"]
[Round "8.16"]
[White "De Boer, Eelke"]
[Black "Adocchio, Giampiero"]
[Result "1-0"]
[WhiteElo "2323"]
[BlackElo "2184"]
[Annotator "NA"]
[PlyCount "105"]
[EventDate "2019.10.19"]
[EventType "swiss"]
[EventCountry "NED"]
[SourceTitle "playchess.com"]
[Source "ChessBase"]
[SourceQuality "1"]
[TimeControl "40/5400+30:1800+30"]

1. e4 {[%emt 0:00:00]} e6 {[%emt 0:00:00]} 2. d4 {[%emt 0:00:00]} d5 {[%emt 0:00:00]} 3. Nc3 {[%emt 0:00:00]} Bb4 {[%emt 0:00:07]} 4. e5 {[%emt 0:00:00]} c5 {[%emt 0:00:03]} 5. a3 {[%emt 0:00:00]} Bxc3+ {[%emt 0:00:04]} 6. bxc3 {[%emt 0:00:00]} Ne7 {[%emt 0:00:07]} 7. Qg4 {[%emt 0:00:05]} Qc7 {[%emt 0:00:18]} 8. Bd3 {[%emt 0:05:16]} c4 {[%emt 0:00:04]} 9. Be2 {[%emt 0:02:57]} Nf5 {[%emt 0:00:06]} 10. h4 {[%emt 0:02:19]} Nc6 {[%emt 0:01:32]} 11. h5 {[%emt 0:01:22]} h6 {[%emt 0:01:29]} 12. Qf4 {[%emt 0:09:58]} Qa5 {[%emt 0:05:51]} 13. Bd2 {[%emt 0:00:54]} Qa4 {[%emt 0:00:55]} 14. Bd1 {[%emt 0:01:36]} Bd7 {[%emt 0:00:36]} 15. g4 {[%emt 0:01:25]} Nfe7 {[%emt 0:00:05]} 16. Nf3 {[%emt 0:00:52]} Rf8 {[%emt 0:11:55]} 17. Qg3 {[%emt 0:02:46]} O-O-O {[%emt 0:00:22]} 18. Nh4 {[%emt 0:00:23]} f6 {[%emt 0:03:55]} 19. f4 {[%emt 0:00:12]} fxe5 {[%emt 0:02:04]} 20. fxe5 {[%emt 0:00:11]} Qb5 {[%emt 0:03:52]} 21. Bc1 {[%emt 0:05:19]} Qa5 {[%emt 0:00:46]} 22. Qe3 {[%emt 0:03:08]} Nxd4 {[%emt 0:01:32]} 23. Qxd4 {[%emt 0:00:10]} Nc6 {[%emt 0:00:04]} 24. Qd2 {[%emt 0:05:08]} Nxe5 {[%emt 0:01:27]} 25. Rh3 {[%emt 0:01:13]} Rf6 {[%emt 0:03:08]} 26. Be2 {[%emt 0:10:31]} Rdf8 {[%emt 0:10:09]} 27. Qe3 {[%emt 0:02:43]} Nd3+ {[%emt 0:05:52]} 28. cxd3 {[%emt 0:05:34]} Qxc3+ {[%emt 0:00:07]} 29. Qd2 {[%emt 0:00:26]} Qxa1 {[%emt 0:00:23]} 30. Qb2 {[%emt 0:03:49]} Qxb2 {[%emt 0:00:15]} 31. Bxb2 {[%emt 0:00:06]} e5 {[%emt 0:08:53]} 32. Bxe5 {[%emt 0:02:18]} Re6 {[%emt 0:00:49]} 33. Ng6 {[%emt 0:00:59]} Rfe8 {[%emt 0:01:36]} 34. d4 {[%emt 0:01:18]} Rb6 {[%emt 0:00:54]} 35. Nf4 {[%emt 0:04:19]} Rf8 {[%emt 0:09:29]} 36. Rc3 {[%emt 0:06:19]} Rb1+ {[%emt 0:04:26]} 37. Kd2 {[%emt 0:00:25]} Bc6 {[%emt 0:03:42]} 38. Ne6 {[%emt 0:10:54]} Rf2 {[%emt 0:02:08]} 39. Ke3 {[%emt 0:00:07]} Rg2 {[%emt 0:00:39]} 40. Nf4 {[%emt 0:07:01]} Rg3+ {[%emt 0:02:07]} 41. Bf3 {[%emt 0:31:33]} Rf1 {[%emt 0:37:33]} 42. Ke2 {[%emt 0:00:25]} Rgg1 {[%emt 0:00:04]} 43. Nh3 {[%emt 0:00:00]} Rc1 {[%emt 0:00:00]} 44. Nxg1 {[%emt 0:00:00]} Rxc3 {[%emt 0:00:00]} 45. Bxg7 {[%emt 0:00:00]} Rxa3 {[%emt 0:00:00]} 46. Bxh6 {[%emt 0:00:00]} c3 {[%emt 0:00:00]} 47. Kf2 {[%emt 0:00:00]} b5 {[%emt 0:00:00]} 48. Bc1 {[%emt 0:00:00]} Ra2+ {[%emt 0:00:00]} 49. Ne2 {[%emt 0:00:00]} b4 {[%emt 0:00:00]} 50. h6 {[%emt 0:00:00]} b3 {[%emt 0:00:00]} 51. h7 {[%emt 0:00:00]} b2 {[%emt 0:00:00]} 52. h8=Q+ {[%emt 0:00:00]} Kb7 {[%emt 0:00:00]} 53. Qh7+ {[%emt 0:00:00]} 1-0

[Event "23rd Hoogeveen Open 2019"]
[Site "Hoogeveen"]
[Date "2019.10.25"]
[Round "8.17"]
[White "Wiersma, Eelke"]
[Black "Pekin, Tolgay"]
[Result "1-0"]
[WhiteElo "2321"]
[BlackElo "2083"]
[Annotator "NA"]
[PlyCount "73"]
[EventDate "2019.10.19"]
[EventType "swiss"]
[EventCountry "NED"]
[SourceTitle "playchess.com"]
[Source "ChessBase"]
[SourceQuality "1"]
[TimeControl "40/5400+30:1800+30"]

1. e4 {[%emt 0:00:00]} c5 {[%emt 0:00:00]} 2. Nf3 {[%emt 0:00:00]} Nc6 {[%emt 0:00:00]} 3. Bb5 {[%emt 0:00:00]} d6 {[%emt 0:00:00]} 4. O-O {[%emt 0:00:09]} Bd7 {[%emt 0:00:08]} 5. Re1 {[%emt 0:00:13]} Nf6 {[%emt 0:00:14]} 6. c3 {[%emt 0:00:12]} a6 {[%emt 0:00:09]} 7. Bf1 {[%emt 0:00:13]} Bg4 {[%emt 0:00:09]} 8. d4 {[%emt 0:00:49]} cxd4 {[%emt 0:00:22]} 9. cxd4 {[%emt 0:00:12]} e5 {[%emt 0:00:10]} 10. Be3 {[%emt 0:00:32]} exd4 {[%emt 0:21:29]} 11. Bxd4 {[%emt 0:01:31]} Be7 {[%emt 0:05:39]} 12. Nc3 {[%emt 0:04:33]} O-O {[%emt 0:03:03]} 13. Be3 {[%emt 0:03:09]} Re8 {[%emt 0:03:36]} 14. h3 {[%emt 0:04:25]} Bh5 {[%emt 0:02:23]} 15. g4 {[%emt 0:04:37]} Bg6 {[%emt 0:02:59]} 16. Nh4 {[%emt 0:00:23]} Bf8 {[%emt 0:07:06]} 17. Nxg6 {[%emt 0:03:09]} hxg6 {[%emt 0:00:25]} 18. Bg2 {[%emt 0:02:00]} Qa5 {[%emt 0:03:55]} 19. g5 {[%emt 0:05:22]} Nd7 {[%emt 0:04:59]} 20. Nd5 {[%emt 0:01:35]} Rac8 {[%emt 0:07:13]} 21. h4 {[%emt 0:11:34]} Ne7 {[%emt 0:02:51]} 22. b4 {[%emt 0:16:01]} Qd8 {[%emt 0:00:15]} 23. Nxe7+ {[%emt 0:02:40]} Bxe7 {[%emt 0:05:22]} 24. Qd5 {[%emt 0:00:32]} b5 {[%emt 0:05:10]} 25. Qb7 {[%emt 0:01:09]} Nb8 {[%emt 0:02:46]} 26. a4 {[%emt 0:01:33]} Qc7 {[%emt 0:04:55]} 27. Qxc7 {[%emt 0:02:52]} Rxc7 {[%emt 0:00:04]} 28. axb5 {[%emt 0:00:57]} axb5 {[%emt 0:00:05]} 29. Ra5 {[%emt 0:02:26]} Nd7 {[%emt 0:04:59]} 30. Rxb5 {[%emt 0:00:29]} Ne5 {[%emt 0:04:36]} 31. Rc1 {[%emt 0:01:25]} Rxc1+ {[%emt 0:00:45]} 32. Bxc1 {[%emt 0:00:06]} Rc8 {[%emt 0:00:10]} 33. Be3 {[%emt 0:00:41]} f5 {[%emt 0:01:38]} 34. exf5 {[%emt 0:05:18]} gxf5 {[%emt 0:00:06]} 35. Bd5+ {[%emt 0:01:53]} Kh8 {[%emt 0:01:22]} 36. Rb7 {[%emt 0:00:55]} Bd8 {[%emt 0:01:30]} 37. b5 {[%emt 0:01:05]} 1-0